| 000 | 01281nam a2200277 i 4500 | ||
|---|---|---|---|
| 003 | EG-ScBUE | ||
| 005 | 20230322114230.0 | ||
| 008 | 110829s1988 iq a f b 000 0 ara d | ||
| 040 |
_aEG-ScBUE _bara _erda _cEG-ScBUE _dEG-ScBUE |
||
| 082 | 0 | 4 |
_222 _a796.312 _bخ ي ا |
| 100 | 1 |
_926955 _aخياط، ضياء، _eمؤلف. |
|
| 245 | 1 | 0 |
_aكرة اليد / _cتأليف ضياء الخياط، مدرس كلية التربية الرياضية، جامعة الموصل، عبد الكريم قاسم، مدرس مساعد، كلية التربية الرياضية، جامعة الموصل. |
| 264 | 1 |
_aالموصل : _bمديرية دار الكتب للطباعة والنشر، _c1988. |
|
| 300 |
_a484 صفحة : _bإيضاحيات ؛ _c24 سم |
||
| 336 |
_2rdacontent _aنص _btxt |
||
| 337 |
_2rdamedia _aبدون وسيط _bn |
||
| 338 |
_2rdacarrier _aمجلد _bnc |
||
| 500 | _aكتاب منهجي لطلبة كلية التربية الرياضية. | ||
| 504 | _aيشتمل على إرجاعات ببليوجرافية. | ||
| 650 | 7 |
_926956 _aكرة اليد. _2BUEsh |
|
| 650 | 7 |
_926957 _aالألعاب الرياضية. _2BUEsh |
|
| 653 |
_cAugust2011 _bGGEN |
||
| 655 | _vReading book | ||
| 700 | 1 |
_aقاسم، عبد الكريم، _eمؤلف. |
|
| 942 |
_2ddc _cBB |
||
| 999 |
_c15935 _d15935 |
||